000 00470nam a2200145Ia 4500
005 20250219025706.0
008 240331s9999 xx 000 0 und d
082 _bMAH
_a954
245 4 _aThe Mahavamsa :
_bchapters VII-XI
260 _aSri Lanka
_bAnula Press
_c1958
300 _aViii, 80 p .,
500 _aThe five chapters of the Mahavamsa edited in this book have been prescribed for the General Certificate in Education.
700 _aPannila, C.
_eedt
942 _cL
999 _c3489
_d3489